[Event "?"]
[Site "ICS rated blitz match, 192.23"]
[Date "1997.??.??"]
[Round "?"]
[White "Brause"]
[Black "Dorobanov"]
[Result "1-0"]
[WhiteElo "2550"]
[BlackElo "2470"]
[PlyCount "167"]

1. e4 e5 2. Nf3 Nc6 3. Nc3 Nf6 4. Nxe5 Nxe5 5. d4 Ng6 6. e5 Ng8 7. Bc4 d5 8.
Nxd5 c6 9. Nf4 Nxf4 10. Bxf4 Be6 11. Bxe6 fxe6 12. c3 Qd7 13. Qg4 Ne7 14. Bg5
Ng6 15. O-O Be7 16. Bxe7 Qxe7 17. Rae1 O-O 18. Re4 Qf7 19. f3 Qf5 20. Qxf5 Rxf5
21. Kf2 Raf8 22. Ke3 Rf4 23. g3 Rxe4+ 24. Kxe4 Ne7 25. f4 g6 26. Rf3 Rd8 27.
Rd3 h5 28. Rf3 Nf5 29. Rd3 Kf7 30. c4 Ne7 31. b4 b6 32. b5 cxb5 33. cxb5 Rc8
34. Ra3 Rc7 35. Kd3 Nd5 36. Kd2 Ke7 37. Rb3 Rc4 38. Kd3 Rb4 39. Ra3 Rxb5 40.
Rxa7+ Kf8 41. Ra8+ Kf7 42. Ra7+ Ne7 43. Kc2 Rb4 44. Rd7 Ke8 45. Rd6 Kf7 46. a3
Rb5 47. Rd7 Rd5 48. Rb7 b5 49. Kc3 Ke8 50. Rb8+ Kd7 51. Rf8 Kc6 52. Rf6 Kd7 53.
Kd3 Nc6 54. Rxg6 Rxd4+ 55. Kc3 Ra4 56. Rg7+ Ne7 57. Kb3 Re4 58. Rh7 Re2 59.
Rxh5 Kc6 60. Rh6 Kd5 61. Kb4 Rb2+ 62. Kc3 Ra2 63. Rh7 Nc6 64. Kb3 Re2 65. Rd7+
Kc5 66. Kc3 Rxh2 67. Rg7 Rg2 68. Rg8 Rf2 69. Rg6 Rf3+ 70. Kb2 Nd4 71. Ka2 Kc4
72. Rg7 Rf2+ 73. Kb1 Kb3 74. Kc1 Kxa3 75. Rd7 Nb3+ 76. Kd1 b4 77. Ke1 Rg2 78.
Rd3 Kb2 79. Rf3 Nc5 80. Kf1 Rc2 81. Ke1 b3 82. Re3 Rc3 83. Re2+ Ka1 84. Kd1 1-0

[Event "?"]
[Site "ICS rated blitz match, 192.23"]
[Date "1997.??.??"]
[Round "?"]
[White "Brause"]
[Black "Dorobanov"]
[Result "1-0"]
[WhiteElo "2565"]
[BlackElo "2460"]
[PlyCount "77"]

1. e4 e5 2. Nf3 Nc6 3. Nc3 Nf6 4. Nxe5 Nxe5 5. d4 Ng6 6. e5 Ng8 7. Bc4 d5 8.
Nxd5 c6 9. Nf4 Nxf4 10. Bxf4 Be6 11. Bxe6 fxe6 12. c3 Ne7 13. Bg5 Qd7 14. Qg4
Ng6 15. O-O Be7 16. Bxe7 Qxe7 17. Rae1 O-O 18. Re4 Qf7 19. Qd1 Qf5 20. f3 Rad8
21. Qa4 a6 22. Qc4 Qf7 23. Rd1 Qd7 24. a3 Qd5 25. Qd3 Ne7 26. Qe3 Nf5 27. Qd2
b5 28. Qc2 Qc4 29. Rd2 a5 30. b3 Qd5 31. c4 bxc4 32. bxc4 Qd7 33. Qd1 Rb8 34.
d5 cxd5 35. cxd5 exd5 36. Rxd5 Qa7+ 37. Kh1 Rb2 38. Rd8 Qb6 39. Qd5+ 1-0

[Event "?"]
[Site "ICS rated blitz match, 192.23"]
[Date "1997.??.??"]
[Round "?"]
[White "Brause"]
[Black "Dorobanov"]
[Result "0-1"]
[WhiteElo "2575"]
[BlackElo "2450"]
[PlyCount "156"]

1. e4 e5 2. Nf3 Nc6 3. Nc3 Nf6 4. Nxe5 Nxe5 5. d4 Ng6 6. e5 Ng8 7. Bc4 d5 8.
Nxd5 c6 9. Nf4 Nxf4 10. Bxf4 Be6 11. Bxe6 fxe6 12. c3 Qd7 13. Qd3 Ne7 14. Bg5
Ng6 15. Qe4 Be7 16. Bxe7 Qxe7 17. O-O O-O 18. g3 Qf7 19. Rae1 Qf5 20. Qe3 Qf3
21. Qxf3 Rxf3 22. Re4 Raf8 23. Kg2 h5 24. Re3 Rxe3 25. fxe3 Rxf1 26. Kxf1 Kf7
27. Ke2 Ne7 28. h3 Kg6 29. b3 Kf5 30. Kf3 Nc8 31. e4+ Kg5 32. Ke2 h4 33. Kf3
hxg3 34. Kxg3 Kh5 35. a3 g5 36. c4 Ne7 37. Kf2 Kh4 38. Kg2 g4 39. hxg4 Kxg4 40.
Kf2 Kf4 41. d5 exd5 42. exd5 cxd5 43. cxd5 Kxe5 44. d6 Kxd6 45. Ke3 Kd5 46. Kd3
Nf5 47. Kc3 Kc5 48. b4+ Kd5 49. a4 Nd6 50. Kd3 b6 51. Kc3 Nf7 52. b5 Ne5 53.
Kb3 Kd4 54. Kb4 Nd3+ 55. Kb3 Kc5 56. Kc3 Ne5 57. Kb3 Nf7 58. Kc3 Nd6 59. Kb3
Nxb5 60. Kc2 Kb4 61. Kd3 Kxa4 62. Ke3 Nc7 63. Ke4 b5 64. Ke3 b4 65. Kd2 Ka3 66.
Kc2 Ka2 67. Kc1 b3 68. Kd2 b2 69. Kc2 b1=Q+ 70. Kc3 Qb3+ 71. Kd4 Qc2 72. Ke3
Qd1 73. Kf4 Qe2 74. Kf5 Qe3 75. Kg6 Qf4 76. Kh7 Qg5 77. Kh8 Ne6 78. Kh7 Qg7#
0-1

[Event "?"]
[Site "ICS rated blitz match, 192.23"]
[Date "1997.??.??"]
[Round "?"]
[White "Brause"]
[Black "Dorobanov"]
[Result "0-1"]
[WhiteElo "2550"]
[BlackElo "2470"]
[PlyCount "126"]

1. e4 e5 2. Nf3 Nc6 3. Nc3 Nf6 4. Nxe5 Nxe5 5. d4 Ng6 6. e5 Ng8 7. Bc4 d5 8.
Nxd5 c6 9. Nf4 Nxf4 10. Bxf4 Be6 11. Bxe6 fxe6 12. c3 Ne7 13. Qg4 Qd7 14. Bg5
h6 15. Bxe7 Qxe7 16. Qg6+ Qf7 17. Qxf7+ Kxf7 18. O-O-O Be7 19. Kd2 g6 20. Rhe1
h5 21. Re4 Rad8 22. Ke3 c5 23. Rf4+ Kg7 24. Ke4 cxd4 25. Rxd4 Rxd4+ 26. cxd4
Rc8 27. Kd3 Rf8 28. Rxf8 Kxf8 29. d5 exd5 30. Kd4 Ke8 31. Kxd5 Kd7 32. e6+ Kc7
33. h3 h4 34. Ke5 g5 35. Kd5 Bd8 36. Ke5 Be7 37. Kf5 Kd6 38. g3 hxg3 39. fxg3
b5 40. a3 a5 41. b4 axb4 42. axb4 Kd5 43. h4 gxh4 44. gxh4 Bxh4 45. Kg4 Kxe6
46. Kf3 Kd5 47. Ke3 Kc4 48. Ke4 Kxb4 49. Kd3 Ka3 50. Kc2 b4 51. Kd3 b3 52. Kd2
b2 53. Kc2 Ka2 54. Kd3 b1=Q+ 55. Kd4 Qc2 56. Ke5 Qd3 57. Ke6 Qd4 58. Kf5 Qe3
59. Kg6 Qg5+ 60. Kf7 Qf6+ 61. Kg8 Be1 62. Kh7 Bc3 63. Kg8 Qg7# 0-1

[Event "?"]
[Site "ICS rated blitz match, 192.23"]
[Date "1997.??.??"]
[Round "?"]
[White "Brause"]
[Black "Dorobanov"]
[Result "1-0"]
[WhiteElo "2530"]
[BlackElo "2490"]
[PlyCount "41"]

1. e4 e5 2. Nf3 Nc6 3. Nc3 Nf6 4. Nxe5 Nxe5 5. d4 Ng6 6. e5 Ng8 7. Bc4 d5 8.
Nxd5 c6 9. Nf4 Nxf4 10. Bxf4 Be6 11. Bxe6 fxe6 12. c3 Ne7 13. Qg4 Qd7 14. Bg5
h6 15. Bxe7 Qxe7 16. O-O Qf7 17. Rfe1 Be7 18. Re3 O-O 19. Rf3 h5 20. Rxf7 hxg4
21. Rxe7 1-0

[Event "?"]
[Site "ICS rated blitz match, 192.23"]
[Date "1997.??.??"]
[Round "?"]
[White "Brause"]
[Black "Dorobanov"]
[Result "0-1"]
[WhiteElo "2545"]
[BlackElo "2475"]
[PlyCount "142"]

1. e4 e5 2. Nf3 Nc6 3. Nc3 Nf6 4. Nxe5 Nxe5 5. d4 Ng6 6. e5 Ng8 7. Bc4 d5 8.
Nxd5 c6 9. Nf4 Nxf4 10. Bxf4 Be6 11. Bxe6 fxe6 12. c3 Qd7 13. Bg5 Ne7 14. Qg4
h6 15. Bxe7 Qxe7 16. b4 Rd8 17. Rd1 Qf7 18. Rd3 h5 19. Qe4 Qf5 20. Qxf5 exf5
21. Rf3 g6 22. Ke2 Ke7 23. Rb1 Ke6 24. Kd3 Be7 25. h3 b6 26. b5 c5 27. Rg3 Rhg8
28. Kc4 cxd4 29. cxd4 h4 30. Rd3 Rc8+ 31. Kb3 Rgd8 32. Rc3 Rxc3+ 33. Kxc3 Kd5
34. Kd3 Rc8 35. Rd1 Rc4 36. Ke3 Bg5+ 37. f4 Be7 38. Rd2 Rc3+ 39. Ke2 Bb4 40.
Rb2 Rc4 41. Ke3 Rxd4 42. Rc2 Bc5 43. Kf3 Rd3+ 44. Ke2 Re3+ 45. Kd1 Re4 46. Rd2+
Rd4 47. e6 Kxe6 48. Rxd4 Bxd4 49. Ke2 Kd5 50. Kf3 Kc4 51. g3 hxg3 52. Kxg3 Kxb5
53. h4 Bf6 54. Kf3 Kc4 55. Ke3 b5 56. Kf3 Bxh4 57. Kg2 g5 58. fxg5 Bxg5 59. Kf3
a5 60. Kg3 b4 61. Kf3 a4 62. Kf2 b3 63. axb3+ axb3 64. Kf3 b2 65. Kf2 b1=Q 66.
Kg2 Qd3 67. Kf2 Bh4+ 68. Kg2 Qg3+ 69. Kh1 Qg4 70. Kh2 Bf2 71. Kh1 Qh3# 0-1

[Event "?"]
[Site "ICS rated blitz match, 192.23"]
[Date "1997.??.??"]
[Round "?"]
[White "Brause"]
[Black "GeorgeJohn"]
[Result "1-0"]
[WhiteElo "2525"]
[BlackElo "2475"]
[PlyCount "39"]

1. e4 e5 2. Nf3 Nc6 3. Nc3 Nf6 4. Nxe5 Nxe5 5. d4 Nc6 6. d5 Bb4 7. dxc6 Nxe4 8.
Qd4 Bxc3+ 9. bxc3 Nf6 10. Qe5+ Qe7 11. Qxe7+ Kxe7 12. cxd7 Bxd7 13. Bd3 Bc6 14.
O-O Kd7 15. Bf5+ Kd8 16. Bg5 Re8 17. Bxf6+ gxf6 18. Rad1+ Ke7 19. Rfe1+ Kf8 20.
Bxh7 1-0

[Event "?"]
[Site "ICS rated blitz match, 192.23"]
[Date "1997.??.??"]
[Round "?"]
[White "Brause"]
[Black "Dorobanov"]
[Result "1/2-1/2"]
[WhiteElo "2540"]
[BlackElo "2495"]
[PlyCount "132"]

1. e4 e5 2. Nf3 Nc6 3. Nc3 Nf6 4. Nxe5 Nxe5 5. d4 Ng6 6. e5 Ng8 7. Bc4 d5 8.
Nxd5 c6 9. Nf4 Nxf4 10. Bxf4 Be6 11. Bxe6 fxe6 12. c3 Qd7 13. Qg4 Ne7 14. Bg5
Ng6 15. O-O Be7 16. Bxe7 Qxe7 17. Rae1 O-O 18. Re4 Qf7 19. f3 Qf5 20. Qxf5 Rxf5
21. Kf2 Raf8 22. Ke3 Rf4 23. g3 Rxe4+ 24. Kxe4 Ne7 25. Rd1 Rd8 26. Rd3 Kf7 27.
f4 c5 28. dxc5 Rxd3 29. Kxd3 Ke8 30. b4 Kd7 31. b5 g6 32. c4 h5 33. a4 Nf5 34.
a5 Kc7 35. Ke4 a6 36. c6 axb5 37. cxb7 bxc4 38. a6 Ne7 39. Kf3 Nc6 40. Ke3 Nb4
41. Kd4 Nxa6 42. Kxc4 Kxb7 43. Kb5 Nb8 44. Kc5 Kc7 45. Kb5 Nc6 46. Kc5 Ne7 47.
Kd4 Nf5+ 48. Kd3 Kc6 49. Ke2 Kd5 50. Kf3 Kd4 51. Ke2 Ke4 52. Kf2 Nd4 53. Kg2
Ke3 54. Kh3 Nc6 55. Kh4 Ke4 56. Kg5 Ne7 57. Kf6 Nf5 58. Kxg6 h4 59. gxh4 Nxh4+
60. Kf6 Ng2 61. Kxe6 Nxf4+ 62. Kd6 Kf5 63. h4 Kg4 64. Ke7 Kxh4 65. Kf7 Kg4 66.
e6 Nxe6 1/2-1/2

[Event "?"]
[Site "ICS rated blitz match, 192.23"]
[Date "1997.??.??"]
[Round "?"]
[White "Brause"]
[Black "Dorobanov"]
[Result "0-1"]
[WhiteElo "2540"]
[BlackElo "2495"]
[PlyCount "130"]

1. e4 e5 2. Nf3 Nc6 3. Nc3 Nf6 4. Nxe5 Nxe5 5. d4 Ng6 6. e5 Ng8 7. Bc4 d5 8.
Nxd5 c6 9. Nf4 Nxf4 10. Bxf4 Be6 11. Bxe6 fxe6 12. c3 Ne7 13. Qg4 Qd7 14. Bg5
Ng6 15. O-O Be7 16. Bxe7 Qxe7 17. Rae1 O-O 18. Re4 Qf7 19. f3 Qf5 20. Qxf5 Rxf5
21. Kf2 Raf8 22. Ke3 Rf4 23. g3 Rxe4+ 24. Kxe4 Ne7 25. f4 Rd8 26. Rd1 c5 27.
Rd3 cxd4 28. Rxd4 Rxd4+ 29. cxd4 Kf8 30. a3 Ke8 31. Ke3 Kd7 32. b3 Kc6 33. Ke4
h5 34. h3 g6 35. g4 hxg4 36. hxg4 b6 37. g5 Nf5 38. a4 a5 39. d5+ exd5+ 40. Kd3
Kc5 41. Kc3 d4+ 42. Kd2 Kb4 43. Kc2 Ne7 44. Kd3 Nf5 45. Kc2 Ka3 46. e6 Kb4 47.
Kd2 Kxb3 48. Kd3 Kxa4 49. e7 Nxe7 50. Kxd4 b5 51. Ke3 b4 52. Kd2 b3 53. Kc1 Ka3
54. Kb1 b2 55. Kc2 Ka2 56. Kc3 b1=Q 57. Kd4 Qf5 58. Ke3 Nd5+ 59. Kd2 Qxf4+ 60.
Kd3 Qxg5 61. Kc2 Qe3 62. Kd1 Qf2 63. Kc1 Kb3 64. Kd1 Ne3+ 65. Kc1 Qe1# 0-1

[Event "?"]
[Site "ICS rated blitz match, 192.23"]
[Date "1997.??.??"]
[Round "?"]
[White "Brause"]
[Black "Tyrisha"]
[Result "1-0"]
[WhiteElo "2525"]
[BlackElo "1985"]
[PlyCount "41"]

1. e4 e5 2. Nf3 Nc6 3. Nc3 Nf6 4. Nxe5 Nxe5 5. d4 Ng6 6. e5 Ng8 7. Bc4 d6 8.
Qf3 Qd7 9. O-O Be7 10. Qxf7+ Kd8 11. Qxg7 Qg4 12. Bxg8 Bf8 13. Qf7 Bf5 14. Nd5
Be7 15. Nxe7 Nh4 16. Nc6+ bxc6 17. Qf8+ Kd7 18. e6+ Bxe6 19. Bxe6+ Kxe6 20.
Re1+ Kd7 21. Re7# 1-0

[Event "?"]
[Site "ICS rated blitz match, 192.23"]
[Date "1997.??.??"]
[Round "?"]
[White "Brause"]
[Black "Tyrisha"]
[Result "1-0"]
[WhiteElo "2525"]
[BlackElo "1985"]
[PlyCount "35"]

1. e4 e5 2. Nf3 Nc6 3. Nc3 Nf6 4. Nxe5 Nxe5 5. d4 Nc6 6. d5 Ne5 7. f4 Ng6 8. e5
Bb4 9. Qd4 Bxc3+ 10. bxc3 Ng4 11. Be2 Nh6 12. O-O O-O 13. f5 Nh4 14. Bxh6 gxh6
15. Rf4 Nxg2 16. Rg4+ Kh8 17. Rxg2 Rg8 18. e6+ 1-0

[Event "?"]
[Site "ICS rated blitz match, 192.23"]
[Date "1997.??.??"]
[Round "?"]
[White "Brause"]
[Black "humanoid"]
[Result "1-0"]
[WhiteElo "2600"]
[BlackElo "2410"]
[PlyCount "49"]

1. e4 e5 2. Nf3 Nc6 3. Nc3 Nf6 4. Nxe5 Nxe5 5. d4 Ng6 6. e5 Ng8 7. Bc4 d5 8.
Nxd5 N8e7 9. Ne3 c6 10. c3 Be6 11. Bxe6 fxe6 12. O-O Nd5 13. Bd2 Be7 14. Qg4
Qd7 15. Nc4 b5 16. Ne3 Nxe3 17. fxe3 Rf8 18. Qh5 Rh8 19. a4 bxa4 20. Rxa4 Qd5
21. Rfa1 Qd7 22. Ra6 Kf7 23. Qf3+ Ke8 24. Qxc6 Qxc6 25. Rxc6 1-0

[Event "?"]
[Site "ICS rated blitz match, 192.23"]
[Date "1997.??.??"]
[Round "?"]
[White "Brause"]
[Black "lhg"]
[Result "1-0"]
[WhiteElo "2540"]
[BlackElo "2350"]
[PlyCount "147"]

1. e4 e5 2. Nf3 Nc6 3. Nc3 Nf6 4. Nxe5 Nxe5 5. d4 Ng6 6. e5 Ng8 7. Bc4 d5 8.
Bxd5 c6 9. Bb3 Bb4 10. O-O Bxc3 11. bxc3 N8e7 12. f4 O-O 13. Ba3 Re8 14. Qf3
Be6 15. Bc5 b6 16. Bd6 Nf5 17. Qxc6 Nxd6 18. Qxd6 Qxd6 19. exd6 Bxb3 20. cxb3
Red8 21. f5 Nf8 22. g4 Rxd6 23. Rae1 Rc8 24. Rf3 Nd7 25. Rfe3 Kf8 26. Re7 a6
27. h3 h6 28. Kf2 Nf6 29. Rb7 Re8 30. Rxe8+ Kxe8 31. Ke3 Nd7 32. c4 g6 33. Rc7
gxf5 34. gxf5 a5 35. a3 h5 36. Ke4 Kd8 37. Ra7 h4 38. Ra8+ Kc7 39. Rh8 Nf6+ 40.
Kd3 b5 41. cxb5 Rd5 42. a4 Rxf5 43. Rxh4 Rf3+ 44. Kc2 Nd5 45. Rh7 Nb4+ 46. Kd2
Kd7 47. Ke2 Rf6 48. h4 Ke7 49. Rh5 Re6+ 50. Re5 Kf6 51. Rxe6+ fxe6 52. b6 Kg6
53. Kf3 Kh5 54. b7 Nc6 55. Ke4 Kxh4 56. d5 exd5+ 57. Kxd5 Nb8 58. Kc5 Kg5 59.
Kb6 Kf6 60. Kxa5 Ke7 61. Kb6 Kd8 62. b4 Nd7+ 63. Ka7 Kc7 64. a5 Nb8 65. b5 Nd7
66. a6 Nb8 67. b6+ Kd8 68. Kxb8 Kd7 69. a7 Kd8 70. a8=Q Kd7 71. Ka7 Kc6 72.
b8=Q+ Kb5 73. Qe4 Ka5 74. Qbe5# 1-0

[Event "?"]
[Site "ICS rated blitz match, 192.23"]
[Date "1997.??.??"]
[Round "?"]
[White "Brause"]
[Black "oldtimer"]
[Result "1-0"]
[WhiteElo "2595"]
[BlackElo "2610"]
[PlyCount "91"]

1. e4 e5 2. Nf3 Nc6 3. Nc3 Nf6 4. Nxe5 Nxe5 5. d4 Ng6 6. e5 Ng8 7. Bc4 d5 8.
Bxd5 c6 9. Bb3 Bb4 10. O-O Bxc3 11. bxc3 Be6 12. f4 Qd7 13. Ba3 N8e7 14. Bxe6
fxe6 15. Qd3 O-O 16. g3 Rad8 17. Rae1 Rf7 18. Re4 Nd5 19. Bc5 b6 20. Bd6 c5 21.
dxc5 bxc5 22. Rc4 Nb6 23. Rxc5 Rc8 24. Rb1 Rxc5 25. Bxc5 Qc7 26. Bxb6 axb6 27.
Qd4 Rd7 28. Qxb6 Qxb6+ 29. Rxb6 Kf7 30. Rb2 Rc7 31. Rb3 Ne7 32. a4 Nd5 33. a5
Rxc3 34. Rxc3 Nxc3 35. a6 Nb5 36. Kf2 Ke7 37. g4 g6 38. Ke3 Kd7 39. Ke4 Nc3+
40. Kd4 Na4 41. a7 Nb6 42. Ke4 Kc7 43. f5 gxf5+ 44. gxf5 exf5+ 45. Kxf5 Kd7 46.
e6+ 1-0

[Event "?"]
[Site "ICS rated blitz match, 192.23"]
[Date "1997.??.??"]
[Round "?"]
[White "Brause"]
[Black "oldtimer"]
[Result "1-0"]
[WhiteElo "2610"]
[BlackElo "2590"]
[PlyCount "61"]

1. e4 e5 2. Nf3 Nc6 3. Nc3 Nf6 4. Nxe5 Nxe5 5. d4 Ng6 6. e5 Ng8 7. Bc4 d5 8.
Bxd5 c6 9. Bb3 Bb4 10. O-O Bxc3 11. bxc3 Be6 12. f4 Qd7 13. Ba3 N8e7 14. Bxe6
fxe6 15. Qd3 O-O-O 16. Rae1 h5 17. Bc5 Kb8 18. Bd6+ Ka8 19. Qg3 Rh7 20. Re4 Qe8
21. c4 Nf5 22. Qa3 Nxd6 23. exd6 Qd7 24. c5 Nh4 25. Qh3 Nf5 26. g4 Nxd6 27.
cxd6 Qxd6 28. g5 c5 29. Qxe6 Qxe6 30. Rxe6 cxd4 31. Re7 1-0

[Event "?"]
[Site "ICS rated blitz match, 192.23"]
[Date "1997.??.??"]
[Round "?"]
[White "Brause"]
[Black "oldtimer"]
[Result "1-0"]
[WhiteElo "2625"]
[BlackElo "2575"]
[PlyCount "65"]

1. e4 e5 2. Nf3 Nc6 3. Nc3 Nf6 4. Nxe5 Nxe5 5. d4 Ng6 6. e5 Ng8 7. Bc4 d5 8.
Bxd5 c6 9. Bb3 Bb4 10. O-O N8e7 11. Ne4 Bf5 12. Ng5 O-O 13. g4 Bd7 14. c3 Ba5
15. e6 Bxe6 16. Bxe6 fxe6 17. Nxe6 Qd6 18. Qb3 Kh8 19. Nxf8 Rxf8 20. Qxb7 Bc7
21. f4 Nxf4 22. Rxf4 Rxf4 23. Bxf4 Qxf4 24. Qa8+ Ng8 25. Qxc6 Qxh2+ 26. Kf1
Qf4+ 27. Ke2 Qxg4+ 28. Kd3 Qf5+ 29. Kc4 Qf7+ 30. d5 h5 31. Re1 Qf4+ 32. Kb3 Nf6
33. Re7 1-0

[Event "?"]
[Site "ICS rated blitz match, 192.23"]
[Date "1997.??.??"]
[Round "?"]
[White "Brause"]
[Black "oldtimer"]
[Result "0-1"]
[WhiteElo "2640"]
[BlackElo "2560"]
[PlyCount "104"]

1. e4 e5 2. Nf3 Nc6 3. Nc3 Nf6 4. Nxe5 Nxe5 5. d4 Ng6 6. e5 Ng8 7. Bc4 d5 8.
Bxd5 c6 9. Bb3 Bb4 10. O-O Bxc3 11. bxc3 Be6 12. Ba3 N8e7 13. Bxe6 fxe6 14. Qd3
O-O 15. Rab1 b5 16. c4 bxc4 17. Qxc4 Qd5 18. Qxd5 cxd5 19. Rb7 Rfb8 20. Rxe7
Nxe7 21. Bxe7 Rb2 22. c4 dxc4 23. a3 Rab8 24. Bb4 R8xb4 25. axb4 c3 26. Rc1 c2
27. Kf1 Rb1 28. Ke1 Rxc1+ 29. Kd2 Rb1 30. Kxc2 Rxb4 31. Kc3 a5 32. f4 g6 33. g4
Kf7 34. f5 gxf5 35. gxf5 exf5 36. d5 f4 37. Kd3 Kg6 38. h4 Kf5 39. e6 Kf6 40.
h5 Ke7 41. h6 Kd6 42. e7 Kxe7 43. Ke2 Kd6 44. Kd2 Rb3 45. Kc2 a4 46. Kd2 Kxd5
47. Ke2 Kd4 48. Kf2 a3 49. Ke2 a2 50. Kf2 a1=Q 51. Kg2 Qa2+ 52. Kh1 Rb1# 0-1

[Event "?"]
[Site "ICS rated blitz match, 192.23"]
[Date "1997.??.??"]
[Round "?"]
[White "Brause"]
[Black "oldtimer"]
[Result "1-0"]
[WhiteElo "2620"]
[BlackElo "2580"]
[PlyCount "53"]

1. e4 e5 2. Nf3 Nc6 3. Nc3 Nf6 4. Nxe5 Nxe5 5. d4 Ng6 6. e5 Ng8 7. Bc4 d5 8.
Bxd5 c6 9. Bb3 Bb4 10. O-O Bxc3 11. bxc3 Be6 12. f4 Qd7 13. Ba3 N8e7 14. Bxe6
fxe6 15. Qd3 O-O 16. g3 b5 17. Bd6 Rf7 18. a4 Nc8 19. axb5 cxb5 20. Bc5 a6 21.
c4 bxc4 22. Qxc4 Qc6 23. Ra5 Nb6 24. Rxa6 Nxc4 25. Rxc6 Ra2 26. Rc8+ Nf8 27.
Bxf8 1-0

[Event "?"]
[Site "ICS rated blitz match, 192.23"]
[Date "1997.??.??"]
[Round "?"]
[White "Brause"]
[Black "oldtimer"]
[Result "1-0"]
[WhiteElo "2635"]
[BlackElo "2570"]
[PlyCount "63"]

1. e4 e5 2. Nf3 Nc6 3. Nc3 Nf6 4. Nxe5 Nxe5 5. d4 Ng6 6. e5 Ng8 7. Bc4 d5 8.
Bxd5 c6 9. Bb3 Be6 10. O-O Qd7 11. Ne4 O-O-O 12. Bg5 Re8 13. c4 h6 14. Be3 f5
15. exf6 Nxf6 16. Nxf6 gxf6 17. d5 Bg4 18. dxc6 Qxd1 19. cxb7+ Kxb7 20. Bxd1
Be6 21. c5 Bd5 22. Bb3 Bxb3 23. axb3 Ne5 24. Rfd1 Rc8 25. b4 Rc7 26. f4 Nd7 27.
c6+ Kxc6 28. Rdc1+ Kd6 29. Ra6+ Nb6 30. Rxc7 Kxc7 31. Rxa7+ Kb8 32. Bxb6 1-0

[Event "?"]
[Site "ICS rated blitz match, 192.23"]
[Date "1997.??.??"]
[Round "?"]
[White "Brause"]
[Black "oldtimer"]
[Result "1-0"]
[WhiteElo "2650"]
[BlackElo "2555"]
[PlyCount "24"]

1. e4 e5 2. Nf3 Nc6 3. Nc3 Nf6 4. Nxe5 Nxe5 5. d4 Ng6 6. e5 Ng8 7. Bc4 f5 8.
O-O Bb4 9. Nd5 Ba5 10. b4 Bb6 11. Qh5 N8e7 12. Bg5 Nxd5 1-0

[Event "?"]
[Site "ICS rated blitz match, 192.23"]
[Date "1997.??.??"]
[Round "?"]
[White "Brause"]
[Black "ZukertortsGhost"]
[Result "1-0"]
[WhiteElo "2665"]
[BlackElo "2335"]
[PlyCount "147"]

1. e4 e5 2. Nf3 Nc6 3. Nc3 Nf6 4. Nxe5 Nxe5 5. d4 Ng6 6. e5 Ng8 7. Bc4 d5 8.
Bxd5 c6 9. Bb3 Bb4 10. O-O N8e7 11. Ne4 Bf5 12. Ng5 O-O 13. g4 Bc8 14. c3 Ba5
15. e6 fxe6 16. Bxe6+ Bxe6 17. Nxe6 Qd5 18. Nxf8 Rxf8 19. Qb3 Kh8 20. Qxd5 Nxd5
21. Be3 Rf3 22. Rfe1 h6 23. Bd2 Bc7 24. Re6 Ngf4 25. Bxf4 Nxf4 26. Re8+ Kh7 27.
Rf1 Rd3 28. Rc8 Bb6 29. Rf8 g5 30. Rf7+ Kg6 31. Rxb7 Nh3+ 32. Kg2 Nf4+ 33. Kh1
Rd2 34. b3 Rxa2 35. Rd7 c5 36. Rd6+ Kg7 37. dxc5 Bxc5 38. Rd7+ Kg6 39. b4 Bxf2
40. Rfd1 Kf6 41. b5 Rc2 42. R7d2 Rxd2 43. Rxd2 Bc5 44. Rd8 Ke5 45. Rh8 Kd5 46.
Rxh6 Kc4 47. h4 gxh4 48. Rxh4 Bf2 49. Rh6 Kxc3 50. g5 Kb4 51. Rf6 Be3 52. g6
Nxg6 53. Rxg6 Kxb5 54. Kg2 Bc5 55. Kf3 a5 56. Ke4 a4 57. Kd3 a3 58. Kc3 Bb4+
59. Kb3 Be7 60. Rg2 Bd6 61. Re2 Bf8 62. Re8 Bd6 63. Ra8 Bc5 64. Rb8+ Kc6 65.
Kc4 Bd6 66. Ra8 Kb7 67. Ra4 Be7 68. Kd5 Kb6 69. Ra8 Kb5 70. Rb8+ Ka5 71. Rb7
Bf8 72. Kc4 Ka6 73. Rf7 a2 74. Rxf8 1-0

[Event "?"]
[Site "ICS rated blitz match, 192.23"]
[Date "1997.??.??"]
[Round "?"]
[White "Brause"]
[Black "oldtimer"]
[Result "1-0"]
[WhiteElo "2670"]
[BlackElo "2545"]
[PlyCount "47"]

1. e4 e5 2. Nf3 Nc6 3. Nc3 Nf6 4. Nxe5 Nxe5 5. d4 Ng6 6. e5 Ng8 7. Bc4 d5 8.
Bxd5 c6 9. Bb3 Be6 10. O-O Qd7 11. Ne4 O-O-O 12. Bg5 Be7 13. Bxe7 N8xe7 14.
Nd6+ Kb8 15. c3 Nc8 16. Ne4 b6 17. Bxe6 fxe6 18. b4 Qe7 19. Qc2 Qh4 20. a4 Qg4
21. b5 Nh4 22. f3 Qg6 23. bxc6 Rhf8 24. Qe2 1-0

[Event "?"]
[Site "ICS rated blitz match, 192.23"]
[Date "1997.??.??"]
[Round "?"]
[White "Brause"]
[Black "oldtimer"]
[Result "1-0"]
[WhiteElo "2680"]
[BlackElo "2535"]
[PlyCount "57"]

1. e4 e5 2. Nf3 Nc6 3. Nc3 Nf6 4. Nxe5 Nxe5 5. d4 Ng6 6. e5 Ng8 7. Bc4 d5 8.
Bxd5 c6 9. Bb3 Bb4 10. O-O Bxc3 11. bxc3 N8e7 12. f4 h5 13. Ba3 Bf5 14. Rb1 Qd7
15. Qe2 Bg4 16. Qd3 Bf5 17. Qd2 Rd8 18. Bc5 b6 19. Bd6 O-O 20. Qe3 Rfe8 21.
Rbe1 Nf8 22. Qe2 g6 23. h3 Nc8 24. Ba3 b5 25. Bb4 Nb6 26. Rf3 Be6 27. Bc5 Bc4
28. Bxc4 Nxc4 29. f5 1-0

[Event "?"]
[Site "ICS rated blitz match, 192.23"]
[Date "1997.??.??"]
[Round "?"]
[White "Brause"]
[Black "oldtimer"]
[Result "1-0"]
[WhiteElo "2690"]
[BlackElo "2525"]
[PlyCount "121"]

1. e4 e5 2. Nf3 Nc6 3. Nc3 Nf6 4. Nxe5 Nxe5 5. d4 Ng6 6. e5 Ng8 7. Bc4 d5 8.
Bxd5 c6 9. Bb3 Bb4 10. O-O Bxc3 11. bxc3 Be6 12. Ba3 N8e7 13. Bxe6 fxe6 14. Qd3
O-O 15. Rab1 b5 16. c4 bxc4 17. Qxc4 Qd5 18. Qxd5 cxd5 19. Rb7 Rf7 20. Rfb1 Nc6
21. Rxf7 Kxf7 22. Bc5 Nge7 23. Kf1 Ke8 24. Ke2 Kd8 25. Rb7 Kc8 26. Rxe7 Nxe7
27. Bxe7 Rb8 28. a3 Rb1 29. Bc5 a6 30. h3 Kd7 31. Bf8 g6 32. Bb4 Kc6 33. h4 Kb5
34. h5 a5 35. hxg6 hxg6 36. Bc5 Kc4 37. g4 Rb7 38. Kf3 Rf7+ 39. Kg3 Kc3 40. Kh4
Rxf2 41. Kg5 Kc4 42. Kxg6 Kb5 43. g5 Kc6 44. Kg7 Kd7 45. g6 Rxc2 46. a4 Rf2 47.
Kg8 Rf4 48. g7 Ke8 49. Kh7 Rh4+ 50. Kg6 Rg4+ 51. Kf6 Kd7 52. Bb6 Rg1 53. Bxa5
Rf1+ 54. Kg6 Rg1+ 55. Kh7 Rh1+ 56. Kg8 Ke8 57. Bb6 Ra1 58. a5 Ra2 59. a6 Ra1
60. Kh7 Rh1+ 61. Kg6 1-0

[Event "?"]
[Site "ICS rated blitz match, 192.23"]
[Date "1997.??.??"]
[Round "?"]
[White "Brause"]
[Black "oldtimer"]
[Result "1-0"]
[WhiteElo "2695"]
[BlackElo "2515"]
[PlyCount "69"]

1. e4 e5 2. Nf3 Nc6 3. Nc3 Nf6 4. Nxe5 Nxe5 5. d4 Ng6 6. e5 Ng8 7. Bc4 d5 8.
Bxd5 c6 9. Bb3 Bb4 10. O-O Bxc3 11. bxc3 N8e7 12. f4 h5 13. Ba3 Bg4 14. Qd3 Qd7
15. Bd6 h4 16. h3 Bf5 17. Qf3 Be6 18. c4 f5 19. d5 Bg8 20. Ba4 a6 21. Bc5 b5
22. dxc6 Qxc6 23. Qxc6+ Nxc6 24. cxb5 axb5 25. Bxb5 Bd5 26. Rad1 Be4 27. Bxc6+
Bxc6 28. Rd6 Rc8 29. Rxg6 Kf7 30. Rg5 Bb5 31. e6+ Kg8 32. Bd4 Bxf1 33. Rxg7+
Kf8 34. Kxf1 Ke8 35. Bf6 1-0

[Event "?"]
[Site "ICS rated blitz match, 192.23"]
[Date "1997.??.??"]
[Round "?"]
[White "Brause"]
[Black "oldtimer"]
[Result "1-0"]
[WhiteElo "2705"]
[BlackElo "2505"]
[PlyCount "54"]

1. e4 e5 2. Nf3 Nc6 3. Nc3 Nf6 4. Nxe5 Nxe5 5. d4 Ng6 6. e5 Ng8 7. Bc4 d5 8.
Bxd5 Bb4 9. Qf3 Qd7 10. Bxb7 Bxb7 11. Qxb7 Bxc3+ 12. bxc3 Rd8 13. Rb1 N8e7 14.
O-O O-O 15. Ba3 Rfe8 16. Qxa7 Ra8 17. Qc5 Qf5 18. Rb2 Nf4 19. f3 Qg5 20. g3 Ne6
21. Qb5 Qe3+ 22. Kh1 c6 23. Qb3 Ng5 24. Rbb1 Nxf3 25. Kg2 Qe2+ 26. Rf2 Qe4 27.
Rxf3 Nd5 1-0

[Event "?"]
[Site "ICS rated blitz match, 192.23"]
[Date "1997.??.??"]
[Round "?"]
[White "Brause"]
[Black "oldtimer"]
[Result "1/2-1/2"]
[WhiteElo "2705"]
[BlackElo "2515"]
[PlyCount "101"]

1. e4 e5 2. Nf3 Nc6 3. Nc3 Nf6 4. Nxe5 Nxe5 5. d4 Ng6 6. e5 Ng8 7. Bc4 d5 8.
Bxd5 Bb4 9. Qf3 Qd7 10. Bxb7 Bxb7 11. Qxb7 Bxc3+ 12. bxc3 Rd8 13. Rb1 N8e7 14.
O-O O-O 15. Ba3 Rfe8 16. Qxa7 Ra8 17. Qc5 Nf4 18. Bc1 Ne6 19. Qc4 Ra4 20. Rb4
Rxb4 21. Qxb4 c5 22. dxc5 Qc7 23. f4 Rb8 24. Qc4 Qxc5+ 25. Qxc5 Nxc5 26. Ba3
Rc8 27. Rd1 f5 28. Rd4 Kf7 29. Bb4 Ne6 30. Rd7 Rc7 31. Rxc7 Nxc7 32. Bxe7 Kxe7
33. c4 Kd7 34. Kf2 Kc6 35. Ke3 Kc5 36. Kd3 Ne6 37. g3 Nd4 38. a4 Nc6 39. Kc3
Na5 40. Kd3 Nxc4 41. e6 Nd6 42. e7 Ne8 43. a5 Kd6 44. a6 Kxe7 45. a7 Nc7 46. c4
Kd6 47. Kd4 Ne6+ 48. Kd3 Nc7 49. Kd4 Ne6+ 50. Kc3 Nc7 51. Kd4 1/2-1/2